| 000 | 00464nam a22001937a 4500 | ||
|---|---|---|---|
| 005 | 20230413171117.0 | ||
| 008 | 180322b2016 xxu||||| |||| 00| 0 spa d | ||
| 020 | _a9788415411888 | ||
| 041 |
_aITA _aESP |
||
| 082 | _aR 455 V872v | ||
| 245 | _aVocabulario básico del italiano | ||
| 260 | _aEspaña | ||
| 260 | _bLarousse | ||
| 260 | _c2016 | ||
| 300 | _a254 páginas | ||
| 650 |
_aITALIANO _974092 |
||
| 650 |
_aITALIANO ENSEÑANZA _974093 |
||
| 942 | _cREF | ||
| 999 |
_c10506 _d10506 |
||